Catalog

Record Details

Catalog Search



Complex Automated Negotiations: Theories, Models, and Software Competitions Cover Image E-book E-book

Complex Automated Negotiations: Theories, Models, and Software Competitions [electronic resource] / edited by Takayuki Ito, Minjie Zhang, Valentin Robu, Tokuro Matsuo.

Ito, Takayuki. (editor.). Zhang, Minjie. (editor.). Robu, Valentin. (editor.). Matsuo, Tokuro. (editor.). SpringerLink (Online service) (Added Author).

Record details

  • ISBN: 9783642307379
  • Physical Description: XVI, 241 p. 86 illus. online resource.
  • Publisher: Berlin, Heidelberg : Springer Berlin Heidelberg : 2013.
Subject: Engineering.
Artificial intelligence.
Engineering.
Computational Intelligence.
Artificial Intelligence (incl. Robotics).

Electronic resources


LDR 01671nam a22004215i 4500
00141890
003CONS
00520130727034519.0
007cr nn 008mamaa
008120913s2013 gw | s |||| 0|eng d
020 . ‡a9783642307379 ‡9978-3-642-30737-9
0247 . ‡a10.1007/978-3-642-30737-9 ‡2doi
035 . ‡a(DE-He213)978-3-642-30737-9
050 4. ‡aQ342
072 7. ‡aUYQ ‡2bicssc
072 7. ‡aCOM004000 ‡2bisacsh
1001 . ‡aIto, Takayuki. ‡eeditor.
24510. ‡aComplex Automated Negotiations: Theories, Models, and Software Competitions ‡h[electronic resource] / ‡cedited by Takayuki Ito, Minjie Zhang, Valentin Robu, Tokuro Matsuo.
264 1. ‡aBerlin, Heidelberg : ‡bSpringer Berlin Heidelberg : ‡bImprint: Springer, ‡c2013.
300 . ‡aXVI, 241 p. 86 illus. ‡bonline resource.
336 . ‡atext ‡btxt ‡2rdacontent
337 . ‡acomputer ‡bc ‡2rdamedia
338 . ‡aonline resource ‡bcr ‡2rdacarrier
347 . ‡atext file ‡bPDF ‡2rda
4901 . ‡aStudies in Computational Intelligence, ‡x1860-949X ; ‡v435
650 0. ‡aEngineering.
650 0. ‡aArtificial intelligence.
65014. ‡aEngineering.
65024. ‡aComputational Intelligence.
65024. ‡aArtificial Intelligence (incl. Robotics).
7001 . ‡aZhang, Minjie. ‡eeditor.
7001 . ‡aRobu, Valentin. ‡eeditor.
7001 . ‡aMatsuo, Tokuro. ‡eeditor.
7102 . ‡aSpringerLink (Online service)
7730 . ‡tSpringer eBooks
77608. ‡iPrinted edition: ‡z9783642307362
830 0. ‡aStudies in Computational Intelligence, ‡x1860-949X ; ‡v435
85640. ‡uhttp://biblioteca.ipicyt.edu.mx:2048/login?url=http://dx.doi.org/10.1007/978-3-642-30737-9 ‡yTexto completo ‡9CONS
950 . ‡aEngineering (Springer-11647)
901 . ‡a41890 ‡b ‡c41890 ‡tbiblio ‡sSystem Local

Additional Resources